[Event "27th CRO-chT 1B-Men 2018"]
[Site "Biograd"]
[Date "2018.09.15"]
[Round "1.14"]
[White "Ostovic, Matija"]
[Black "Nikcevic, Nebojsa"]
[Result "0-1"]
[WhiteElo "2390"]
[BlackElo "2428"]
[Annotator "TA"]
[PlyCount "29"]
[EventDate "2018.09.15"]
[EventType "team-tourn"]
[EventCountry "CRO"]
[SourceTitle "playchess.com"]
[Source "ChessBase"]
[SourceQuality "1"]

{[%evp 13,29,0,1,0,-10,0,29,17,22,-31,6,1,4,-582,-575,-639,-622,-604]} 1. Nf3 d5 2. c4 d4 3. b4 f6 4. e3 e5 5. c5 (5. a3 c5 6. d3 dxe3 7. Bxe3 cxb4 8. Be2 Nc6 9. O-O Nge7 10. axb4 Nxb4 11. Bxa7 Qd7 12. Bd4 Rxa1 13. Bxa1 {½-½ (30) Almasi,Z (2707)-L'Ami,E (2611) Douglas 2017}) 5... a5 6. Qa4+ {A09: Réti Opening: 1 Nf3 d5 2 c4} Bd7 7. b5 dxe3 {LiveBook: 3 Games} 8. dxe3 $146 {Hoping for Ba3.The position is equal.} ({Predecessor:} 8. fxe3 Bxc5 9. Bc4 Bd6 10. Nc3 Ne7 11. O-O Nc8 12. Qc2 Nb6 {½-½ (35) Agrest,E (2590)-Tikkanen,H (2551) Sweden 2015}) 8... Bxc5 9. Bc4 Bb4+ 10. Bd2 Qe7 11. Nc3 (11. O-O $11) 11... c6 (11... Bxc3 $5 12. Bxc3 Be6 $11) 12. Ne4 cxb5 13. Bf7+ $2 {[%mdl 8192] [#]} (13. Bxb5 $11 {and White stays safe.} Bxb5 14. Qxb5+ Nc6 15. a3 Bxd2+ 16. Nfxd2) 13... Kxf7 $19 14. Qb3+ Be6 15. Qb2 0-1

[Event "27th CRO-chT 1B-Men 2018"]
[Site "Biograd"]
[Date "2018.09.15"]
[Round "1.15"]
[White "Matkovic, Tonci"]
[Black "Ivekovic, Zvonimir"]
[Result "*"]
[WhiteElo "2274"]
[BlackElo "2424"]
[Annotator "TA"]
[PlyCount "55"]
[EventDate "2018.09.15"]
[EventType "team-tourn"]
[EventCountry "CRO"]
[SourceTitle "playchess.com"]
[Source "ChessBase"]
[SourceQuality "1"]

{[%evp 17,55,13,42,24,50,42,54,22,27,20,63,25,20,11,23,18,54,42,42,64,162,48,88,97,87,92,103,70,69,62,70,68,91,83,84,72,103,114,133,102]} 1. e4 c5 2. c4 e6 3. Nc3 a6 4. g3 Nc6 {[%cal Bb8c6,Bc6d4,Bd4e2][%mdl 32]} 5. d3 g6 6. Bg2 Bg7 7. Nge2 Nge7 8. O-O O-O 9. Rb1 Nd4 10. a3 {A36: Symmetrical English vs ...g6: 4 Bg2 Bg7} Nxe2+ (10... Ra7 11. b4 b6 12. Be3 d6 13. Qd2 Re8 14. Bh6 Bh8 15. Nxd4 cxd4 16. Ne2 e5 {1-0 (60) Barcenilla,R (2457)-Miciano,J (2212) Manila 2017}) 11. Nxe2 d5 12. b4 $146 {White is slightly better.} ({Predecessor:} 12. Qc2 d4 13. b4 cxb4 14. axb4 e5 15. f4 f5 16. fxe5 fxe4 17. Rxf8+ Qxf8 18. Bxe4 Bxe5 {1-0 (28) Garcia,D (1880)-Castrillon Gomez,M (1946) Bogota 2009}) 12... dxc4 13. dxc4 Qc7 14. Qc2 cxb4 15. axb4 Bd7 16. Be3 {[%cal Bc1e3,Be3c5,Bc5d6][%mdl 32]} Rac8 17. Rfc1 Nc6 18. f4 Bh6 ({Black should try} 18... Ne7 $14) 19. Qb3 ({White should play} 19. b5 $18) 19... Ne7 20. Bc5 Rfe8 21. e5 Bc6 22. Bd6 Qd7 23. Nd4 Bxg2 24. Kxg2 Nc6 25. Nf3 $36 {[%mdl 2048] Black is under strong pressure.} Bf8 26. Rd1 Bxd6 27. Rxd6 Qc7 28. Rbd1 {Precision: White = 56%, Black = 34%.} *

[Event "27th CRO-chT 1B-Men 2018"]
[Site "Biograd"]
[Date "2018.09.15"]
[Round "1.16"]
[White "Mathe, Gaspar"]
[Black "Vlaic, Branko"]
[Result "*"]
[WhiteElo "2308"]
[BlackElo "2246"]
[Annotator "NA"]
[PlyCount "74"]
[EventDate "2018.09.15"]
[EventType "team-tourn"]
[EventCountry "CRO"]
[SourceTitle "playchess.com"]
[Source "ChessBase"]
[SourceQuality "1"]
[TimeControl "40/5400+30:1800+30"]

1. e4 {[%emt 0:00:30] ]} c6 {[%emt 0:00:30] ]} 2. d4 {[%emt 0:00:30] ]} d5 {[%emt 0:00:00] ]} 3. e5 {[%emt 0:00:30] ]} c5 {[%emt 0:00:00] ]} 4. c3 {[%emt 0:01:30] ]} Nc6 {[%emt 0:00:30] ]} 5. Ne2 {[%emt 0:01:30] ]} Bg4 {[%emt 0:01:30] ] B12: Caro-Kann: Advance Variation} 6. Be3 {[%emt 0:02:30] ]} (6. h3 Bxe2 7. Bxe2 e6 8. O-O Qb6 9. dxc5 Bxc5 10. b4 Be7 11. Be3 Qc7 12. f4 Nh6 13. Na3 {½-½ (44) Vachier Lagrave,M (2795)-Anand,V (2786) Stavanger 2017}) 6... e6 {[%emt 0:02:30] ]} 7. f3 {[%emt 0:01:30] ]]} cxd4 {[%emt 0:00:30] ]]} 8. cxd4 {[%emt 0:02:30] ]]} Bb4+ {[%emt 0:00:30] ]]} 9. Nbc3 {[%emt 0:00:30] ]]} Bf5 {[%emt 0:01:30] ]]} 10. a3 $146 {[%emt 0:01:30] ]]} ({Predecessor:} 10. g4 Bg6 11. a3 Bxc3+ 12. Nxc3 Nge7 13. Rc1 {1-0 (30) Albers,D (2091)-Bramkamp,R (2115) Dortmund 2011}) 10... Ba5 {[%emt 0:00:30] ]]} 11. Ng3 {[%emt 0:05:30] ]]} Bg6 {[%emt 0:00:30] ]]} 12. Kf2 {[%emt 0:03:30] ]} Nge7 {[%emt 0:01:30] ]]} 13. h4 {[%emt 0:03:30] ]]} h5 {[%emt 0:11:30] ]]} 14. Nce2 {[%emt 0:00:30] ]]} Nf5 {[%emt 0:04:30] ]]} 15. Nxf5 {[%emt 0:01:30] ]]} Bxf5 {[%emt 0:00:30] ]]} 16. Nf4 {[%emt 0:02:30] ]]} Rc8 {[%emt 0:00:30] ]} 17. Bd3 {[%emt 0:07:30] ]} Bxd3 {[%emt 0:03:30] ]} 18. Qxd3 {[%emt 0:00:30] ]]} Bb6 {[%emt 0:00:30] ]]} 19. Rh3 {[%emt 0:02:30] ]]} Ne7 {[%emt 0:00:30] ]]} 20. g4 {[%emt 0:06:30] ]]} hxg4 {[%emt 0:05:30] ]]} 21. fxg4 {[%emt 0:00:30] ]} Qd7 {[%emt 0:00:30] ]]} 22. h5 {[%emt 0:06:30] ]]} Rc6 {[%emt 0:03:30] ]]} 23. h6 $14 {[%emt 0:02:30] ]]} g6 {[%emt 0:02:30] ]]} 24. Ne2 {[%emt 0:00:30] ]]} Qc8 {[%emt 0:00:30] ]]} 25. h7 {[%emt 0:01:30] ]]} g5 {[%emt 0:05:30] ]]} 26. Bxg5 {[%emt 0:00:30] ]]} Ng6 {[%emt 0:00:00] ]]} 27. Be3 {[%emt 0:10:30] ]]} Rc2 {[%emt 0:05:00] ]]} 28. Rh6 {[%emt 0:05:30] ]]} Qc4 {[%emt 0:01:30] ]} 29. Qxc4 {[%emt 0:01:30] ]]} dxc4 {[%emt 0:00:30] ]]} 30. Rc1 {[%emt 0:03:30] ]]} Rxb2 {[%emt 0:00:30] ]]} 31. Rxc4 {[%emt 0:00:30] ]]} Kd7 {[%emt 0:00:30] ]]} 32. Kf3 {[%emt 0:02:30] ]} Nf8 {[%emt 0:00:30] [%clk 0:49] 3]} 33. Rc1 {[%emt 0:03:55] k [%clk 0:18:16] 0} Rxh7 34. Rxh7 {[%emt 0:02:00]} Nxh7 {[%emt 0:08:00]} 35. Rh1 {[%emt 0:00:33]} Nf8 {[%emt 0:00:30]} 36. Nf4 {[%emt 0:00:34]} Rb3 {[%emt 0:00:30]} 37. Ke4 {[%emt 0:00:30]} Bd8 {[%emt 0:00:30]} *

[Event "27th CRO-chT 1B-Men 2018"]
[Site "Biograd"]
[Date "2018.09.15"]
[Round "1.17"]
[White "Malenica, Mario"]
[Black "Vrban, Mladen"]
[Result "*"]
[WhiteElo "2212"]
[BlackElo "2280"]
[Annotator "NA"]
[PlyCount "36"]
[EventDate "2018.09.15"]
[EventType "team-tourn"]
[EventCountry "CRO"]
[SourceTitle "playchess.com"]
[Source "ChessBase"]
[SourceQuality "1"]
[TimeControl "40/5400+30:1800+30"]

1. c4 {[%emt 0:00:30] .5} f5 {[%emt 0:03:30] .5} 2. Nc3 {[%emt 0:00:30] .5} Nf6 {[%emt 0:00:30] .} 3. Nf3 {[%emt 0:01:30] ..} d6 {[%emt 0:00:00] ..} 4. d3 {[%emt 0:02:30] ..} e5 {[%emt 0:01:00] .} 5. g3 {[%emt 0:01:30] ..} g6 {[%emt 0:05:30] ..} 6. Bg2 {[%emt 0:03:30] ..} Bg7 {[%emt 0:01:30] ..} 7. O-O {[%emt 0:03:30] ..} O-O {[%emt 0:00:30] ..} 8. Bg5 {[%emt 0:04:30] ..} h6 {[%emt 0:00:30] ..} 9. Bxf6 {[%emt 0:00:30] ..} Qxf6 {[%emt 0:00:30] ..} 10. Rb1 {[%emt 0:07:30] .} c6 {[%emt 0:06:30] ..} 11. Nd2 {[%emt 0:03:30] ..} Be6 {[%emt 0:15:30] ..} 12. Na4 {[%emt 0:21:30] ..} Nd7 {[%emt 0:01:30] ..} 13. b4 {[%emt 0:02:30] ..} Rab8 {[%emt 0:02:30] ..} 14. b5 $11 {[%emt 0:09:30] ..} c5 {[%emt 0:08:30] ..} 15. Nc3 {[%emt 0:07:30] ..} Nb6 {[%emt 0:07:30] ..} 16. Nd5 {[%emt 0:03:30] [%clk 0:20] 3 [%clk 0:18:57] [%clk 0:18.27]} Qf7 {[%emt 0:21:30]} 17. Qb3 {[%emt 0:06:08]} Kh7 {[%emt 0:00:30]} 18. a4 {[%emt 0:00:30]} Nc8 {[%emt 0:00:30]} *

[Event "27th CRO-chT 1B-Men 2018"]
[Site "Biograd"]
[Date "2018.09.15"]
[Round "1.18"]
[White "Matijevic, Hrvoje"]
[Black "Grgurevic, Boris"]
[Result "1/2-1/2"]
[WhiteElo "2228"]
[BlackElo "2145"]
[Annotator "NA"]
[PlyCount "23"]
[EventDate "2018.09.15"]
[EventType "team-tourn"]
[EventCountry "CRO"]
[SourceTitle "playchess.com"]
[Source "ChessBase"]
[SourceQuality "1"]
[TimeControl "40/5400+30:1800+30"]

1. d4 {[%emt 0:00:30]} g6 {[%emt 0:00:30]} 2. c4 {[%emt 0:00:30]} Bg7 {[%emt 0:00:30]} 3. Nc3 {[%emt 0:01:30]} d6 {[%emt 0:00:00]} 4. e4 {[%emt 0:00:30]} Nc6 {[%emt 0:00:00]} 5. Be3 {[%emt 0:07:30]} e5 {[%emt 0:00:30]} 6. d5 {[%emt 0:03:30]} Nd4 {[%emt 0:00:30]} 7. Nge2 {[%emt 0:00:30]} Nxe2 {[%emt 0:05:30]} 8. Bxe2 {[%emt 0:00:30]} Ne7 {[%emt 0:00:30]} 9. Qd2 {[%emt 0:17:30]} f5 {[%emt 0:07:30]} 10. f3 {[%emt 0:01:30]} O-O {[%emt 0:03:30]} 11. O-O-O {[%emt 0:06:30]} Bd7 {[%emt 0:12:30]} 12. c5 {[%emt 0:10:30]} 1/2-1/2

[Event "27th CRO-chT 1B-Men 2018"]
[Site "Biograd"]
[Date "2018.09.15"]
[Round "1.19"]
[White "Brkic, Ante"]
[Black "Kosic, Dragan"]
[Result "1/2-1/2"]
[WhiteElo "2565"]
[BlackElo "2465"]
[Annotator "TA"]
[PlyCount "54"]
[EventDate "2018.09.15"]
[EventType "team-tourn"]
[EventCountry "CRO"]
[SourceTitle "playchess.com"]
[Source "ChessBase"]
[SourceQuality "1"]

{[%evp 21,54,22,28,22,19,23,24,24,24,20,29,25,29,29,30,18,39,8,10,12,11,19,11,4,6,15,17,0,43,0,0,0,0,8,6]} 1. e4 e6 2. d4 d5 3. Nc3 Nf6 4. e5 Nfd7 5. f4 c5 6. Nf3 Nc6 7. Be3 Be7 8. Qd2 O-O 9. dxc5 Bxc5 {C11: French: Classical System: 4 e5 and 4 Bg5 dxe4} 10. O-O-O Qb6 11. Nd4 Nxd4 {LiveBook: 9 Games} 12. Bxd4 Bxd4 13. Qxd4 Qxd4 14. Rxd4 a6 15. Be2 b6 16. b3 Ra7 17. Kb2 {[#]} Rc7 $146 18. Nd1 Bb7 19. Ne3 b5 20. a4 bxa4 21. Rxa4 Nc5 22. Rd4 a5 23. Ra1 Ra8 $1 24. Bb5 h6 25. g3 Bc6 {The position is equal.} 26. Bxc6 Rxc6 27. b4 Rb6 {Precision: White = 41%, Black = 73%.} 1/2-1/2

[Event "27th CRO-chT 1B-Men 2018"]
[Site "Biograd"]
[Date "2018.09.15"]
[Round "1.20"]
[White "Antunac, Goran"]
[Black "Kadric, Denis"]
[Result "*"]
[WhiteElo "2359"]
[BlackElo "2543"]
[Annotator "TA"]
[PlyCount "62"]
[EventDate "2018.09.15"]
[EventType "team-tourn"]
[EventCountry "CRO"]
[SourceTitle "playchess.com"]
[Source "ChessBase"]
[SourceQuality "1"]

{[%evp 10,62,45,9,8,9,9,18,13,9,35,33,79,77,85,71,76,34,41,33,39,31,39,10,26,18,25,26,50,0,0,0,115,0,64,40,44,0,58,-71,38,33,33,35,41,46,42,0,0,0,0,0,0,0,18]} 1. d4 d6 2. Nf3 g6 3. c4 Bg7 4. Nc3 Nd7 5. Bg5 f6 6. Bh4 {LiveBook: 4 Games. A41: 1 d4 d6: Tartakower System and Modern Defence} Nh6 7. e4 O-O 8. Be2 e5 9. d5 (9. O-O c6 10. d5 c5 11. Nd2 Nf7 12. a3 h5 13. h3 Bh6 14. b4 Kg7 {½-½ (47) Brown,M (2438)-Kadric,D (2583) Dallas 2016}) 9... Nf7 (9... g5 $5 10. Bg3 $8 f5 $11) 10. Nd2 {[%cal Bf3d2,Bd2b3,Bb3c1,Bc1d3][%mdl 32]} c5 $146 ({Predecessor:} 10... Bh6 11. O-O a5 12. Qc2 Qe7 13. b3 Nc5 14. Kh1 Bd7 {½-½ (52) Gentes,K (2235)-Piasetski,L (2400) Canada 1989}) 11. O-O h5 12. f3 Bh6 13. Bf2 f5 14. a3 Qg5 15. Nb3 f4 16. Nc1 Qe7 17. b4 b6 18. Nd3 g5 19. Qa4 Nf6 20. bxc5 dxc5 (20... bxc5 $11 21. Rab1 g4) 21. Rfd1 (21. Qb3 $16) 21... Bd7 (21... g4 $11) 22. Qc2 g4 23. Kh1 Nd6 ({Black should play} 23... Ne8 $11) 24. Nb5 (24. a4 $1 $14 {stays ahead.}) 24... Bxb5 (24... Nfxe4 $17 25. fxe4 Nxe4) 25. cxb5 $14 Qg7 26. Nb2 Kh8 27. Nc4 Nfe8 28. h3 {[%cal Rf3g4]} Nxc4 {The position is equal.} 29. Qxc4 {[%cal Rf3g4]} Nd6 30. Qc2 {[%cal Rf3g4]} gxh3 31. gxh3 Nf7 {Precision: White = 30%, Black = 55%.} *

[Event "27th CRO-chT 1B-Men 2018"]
[Site "Biograd"]
[Date "2018.09.15"]
[Round "1.21"]
[White "Maier, Christian"]
[Black "Mufic, Goran"]
[Result "*"]
[WhiteElo "2357"]
[BlackElo "2254"]
[Annotator "NA"]
[PlyCount "40"]
[EventDate "2018.09.15"]
[EventType "team-tourn"]
[EventCountry "CRO"]
[SourceTitle "playchess.com"]
[Source "ChessBase"]
[SourceQuality "1"]
[TimeControl "40/5400+30:1800+30"]

1. e4 {[%emt 0:00:30]} c5 {[%emt 0:00:30]} 2. Nf3 {[%emt 0:00:00]} g6 {[%emt 0:00:00]} 3. d3 {[%emt 0:04:00]} Bg7 {[%emt 0:00:00]} 4. g3 {[%emt 0:00:30]} Nc6 {[%emt 0:01:30]} 5. Bg2 {[%emt 0:00:30]} e6 {[%emt 0:00:00]} 6. O-O {[%emt 0:01:30]} Nge7 {[%emt 0:00:00]} 7. Re1 {[%emt 0:00:30]} O-O {[%emt 0:00:30]} 8. c3 {[%emt 0:01:30]} d5 {[%emt 0:01:30]} 9. Nbd2 {[%emt 0:03:30]} b6 {[%emt 0:00:30]} 10. exd5 {[%emt 0:14:30]} Nxd5 {[%emt 0:09:30]} 11. Nc4 {[%emt 0:01:30]} Bb7 {[%emt 0:07:30]} 12. Qb3 {[%emt 0:02:30]} Qc7 {[%emt 0:05:30]} 13. a4 {[%emt 0:01:30]} a6 {[%emt 0:00:30]} 14. Ng5 {[%emt 0:08:30]} h6 {[%emt 0:19:30]} 15. Ne4 {[%emt 0:00:30]} Rab8 {[%emt 0:00:30]} 16. Qa3 {[%emt 0:04:30]} Rfd8 {[%emt 0:03:30]} 17. Ne3 {[%emt 0:10:30]} Nxe3 $19 {[%emt 0:05:30]} 18. Rxe3 {[%emt 0:03:30]} Ne5 {[%emt 0:07:30]} 19. a5 {[%emt 0:04:30]} Nxd3 {[%emt 0:01:30]} 20. axb6 {[%emt 0:00:30]} Qxb6 {[%emt 0:00:30]} *

[Event "27th CRO-chT 1B-Men 2018"]
[Site "Biograd"]
[Date "2018.09.15"]
[Round "1.22"]
[White "Doric, Nenad"]
[Black "Stocko, Josip"]
[Result "1/2-1/2"]
[WhiteElo "2249"]
[BlackElo "2322"]
[Annotator "NA"]
[PlyCount "37"]
[EventDate "2018.09.15"]
[EventType "team-tourn"]
[EventCountry "CRO"]
[SourceTitle "playchess.com"]
[Source "ChessBase"]
[SourceQuality "1"]
[TimeControl "40/5400+30:1800+30"]

1. d4 {[%emt 0:00:30]} Nf6 {[%emt 0:00:30]} 2. c4 {[%emt 0:00:00]} e6 {[%emt 0:00:00]} 3. Nc3 {[%emt 0:00:00]} Bb4 {[%emt 0:00:00]} 4. e3 {[%emt 0:00:30]} O-O {[%emt 0:00:30]} 5. Nge2 {[%emt 0:00:30]} d5 {[%emt 0:00:00]} 6. a3 {[%emt 0:00:30]} Be7 {[%emt 0:00:00]} 7. cxd5 {[%emt 0:01:30]} exd5 {[%emt 0:00:30]} 8. Nf4 {[%emt 0:00:00]} c6 {[%emt 0:00:30]} 9. Bd3 {[%emt 0:00:00]} a5 {[%emt 0:04:30]} 10. O-O {[%emt 0:00:30]} Na6 {[%emt 0:00:30]} 11. f3 {[%emt 0:04:30]} Nc7 {[%emt 0:05:30]} 12. Bc2 {[%emt 0:01:30]} c5 {[%emt 0:03:30]} 13. dxc5 {[%emt 0:07:30]} Bxc5 {[%emt 0:00:30]} 14. Kh1 {[%emt 0:04:30]} d4 {[%emt 0:15:30]} 15. exd4 {[%emt 0:02:30]} Bxd4 {[%emt 0:14:30]} 16. Nfe2 {[%emt 0:03:30]} Be5 {[%emt 0:02:30]} 17. Bf4 {[%emt 0:02:30]} Qe7 {[%emt 0:03:30]} 18. Bxe5 {[%emt 0:04:30]} Qxe5 {[%emt 0:00:00]} 19. Qd4 {[%emt 0:01:30]} 1/2-1/2

[Event "27th CRO-chT 1B-Men 2018"]
[Site "Biograd"]
[Date "2018.09.15"]
[Round "1.23"]
[White "Pucovski, Miroslav"]
[Black "Tomulic, Teo"]
[Result "*"]
[WhiteElo "2241"]
[BlackElo "2264"]
[Annotator "NA"]
[PlyCount "37"]
[EventDate "2018.09.15"]
[EventType "team-tourn"]
[EventCountry "CRO"]
[SourceTitle "playchess.com"]
[Source "ChessBase"]
[SourceQuality "1"]
[TimeControl "40/5400+30:1800+30"]

1. e4 {[%emt 0:00:30]} c5 {[%emt 0:00:30]} 2. c3 {[%emt 0:00:00]} d5 {[%emt 0:00:00]} 3. exd5 {[%emt 0:00:00]} Qxd5 {[%emt 0:00:00]} 4. d4 {[%emt 0:00:00]} Nc6 {[%emt 0:00:00]} 5. Nf3 {[%emt 0:00:00]} Bg4 {[%emt 0:00:00]} 6. Be2 {[%emt 0:00:30]} e6 {[%emt 0:00:30]} 7. c4 {[%emt 0:03:30]} Qd6 {[%emt 0:09:30]} 8. d5 {[%emt 0:01:30]} exd5 {[%emt 0:00:30]} 9. cxd5 {[%emt 0:00:30]} Bxf3 {[%emt 0:00:30]} 10. Bxf3 {[%emt 0:01:30]} Nd4 {[%emt 0:00:30]} 11. Be3 {[%emt 0:09:30]} Qe5 {[%emt 0:37:30]} 12. O-O {[%emt 0:10:30]} Bd6 {[%emt 0:00:30]} 13. g3 {[%emt 0:00:30]} Nxf3+ {[%emt 0:00:30]} 14. Qxf3 {[%emt 0:00:30]} Ne7 {[%emt 0:07:30]} 15. Nc3 {[%emt 0:05:30]} O-O {[%emt 0:08:30]} 16. Rfe1 {[%emt 0:09:30]} Qf5 {[%emt 0:00:30]} 17. Qg2 {[%emt 0:15:30]} b6 {[%emt 0:04:30]} 18. Ne4 {[%emt 0:20:03] k} Be5 {[%emt 0:02:30] 7} 19. f4 {[%emt 0:00:08] k [%clk 0:17:49]} *

[Event "27th CRO-chT 1B-Men 2018"]
[Site "Biograd"]
[Date "2018.09.15"]
[Round "1.24"]
[White "Safar, Sandro"]
[Black "Bubalovic, Davorin"]
[Result "*"]
[WhiteElo "2214"]
[BlackElo "2206"]
[Annotator "NA"]
[PlyCount "46"]
[EventDate "2018.09.15"]
[EventType "team-tourn"]
[EventCountry "CRO"]
[SourceTitle "playchess.com"]
[Source "ChessBase"]
[SourceQuality "1"]
[TimeControl "40/5400+30:1800+30"]

1. d4 {[%emt 0:00:30]} Nf6 {[%emt 0:00:30]} 2. Nf3 {[%emt 0:00:00]} e6 {[%emt 0:00:30]} 3. Bf4 {[%emt 0:00:00]} d5 {[%emt 0:00:30]} 4. e3 {[%emt 0:00:30]} c5 {[%emt 0:03:30]} 5. c3 {[%emt 0:00:30]} Nc6 {[%emt 0:00:30]} 6. Nbd2 {[%emt 0:00:30]} Be7 {[%emt 0:02:30]} 7. Bd3 {[%emt 0:00:30]} Qb6 {[%emt 0:02:30]} 8. Qc2 {[%emt 0:06:30]} Bd7 {[%emt 0:03:30]} 9. h3 {[%emt 0:03:30]} Rc8 {[%emt 0:04:30]} 10. a3 {[%emt 0:01:30]} a5 {[%emt 0:06:30]} 11. O-O {[%emt 0:01:30]} Nh5 {[%emt 0:07:30]} 12. Bh2 {[%emt 0:00:30]} g6 {[%emt 0:02:30]} 13. Rad1 {[%emt 0:12:30]} f5 {[%emt 0:05:30]} 14. Ne5 {[%emt 0:02:30]} Nf6 {[%emt 0:03:30]} 15. Nxc6 {[%emt 0:03:30]} Bxc6 {[%emt 0:00:30]} 16. Be5 {[%emt 0:00:30]} O-O {[%emt 0:00:30]} 17. f4 {[%emt 0:09:30]} Nd7 {[%emt 0:02:30]} 18. Nf3 {[%emt 0:01:30]} Bb5 {[%emt 0:02:30]} 19. g4 {[%emt 0:03:30]} Bxd3 {[%emt 0:00:30]} 20. Qxd3 {[%emt 0:00:30]} cxd4 {[%emt 0:12:00]} 21. cxd4 {[%emt 0:09:30]} Qxb2 {[%emt 0:08:30]} 22. Rb1 {[%emt 0:02:30]} Qxa3 {[%emt 0:03:30]} 23. Rb3 {[%emt 0:01:30]} Qa2 {[%emt 0:04:30]} *

[Event "27th CRO-chT 1B-Men 2018"]
[Site "Biograd"]
[Date "2018.09.15"]
[Round "1.25"]
[White "Saric, Ante"]
[Black "Medvegy, Zoltan"]
[Result "1/2-1/2"]
[WhiteElo "2535"]
[BlackElo "2543"]
[Annotator "TA"]
[PlyCount "35"]
[EventDate "2018.09.15"]
[EventType "team-tourn"]
[EventCountry "CRO"]
[SourceTitle "playchess.com"]
[Source "ChessBase"]
[SourceQuality "1"]

{[%evp 19,35,14,10,8,15,0,0,0,39,0,0,0,0,0,0,-7,0,0]} 1. Nf3 d5 2. e3 c5 3. b3 Nc6 4. Bb2 Nf6 5. Bb5 Bd7 6. O-O e6 7. c4 {A06: Réti Opening:1 Nf3 d5} (7. Bxc6 Bxc6 8. Ne5 Rc8 9. d3 Nd7 10. Nxc6 Rxc6 11. Nd2 Nf6 12. f4 Bd6 13. Nf3 O-O 14. Ne5 Bxe5 15. fxe5 {½-½ (44) Aronian,L (2764)-Vachier Lagrave,M (2789) Paris 2018}) 7... a6 8. Bxc6 Bxc6 9. Ne5 Rc8 10. Nxc6 Rxc6 {LiveBook: 3 Games} 11. Bxf6 gxf6 12. cxd5 Qxd5 13. Nc3 Qd8 $146 ({Predecessor:} 13... Qd3 14. Rc1 f5 {½-½ (56) Lajthajm,B (2465)-Csonka,B (2451) Hungary 2017}) 14. Qe2 Bg7 {The position is equal.} 15. Rac1 f5 16. Rc2 O-O 17. Rfc1 Qd6 18. g3 1/2-1/2

[Event "27th CRO-chT 1B-Men 2018"]
[Site "Biograd"]
[Date "2018.09.15"]
[Round "1.26"]
[White "Bilobrk, Franjo"]
[Black "Galyas, Miklos"]
[Result "*"]
[WhiteElo "2360"]
[BlackElo "2512"]
[Annotator "TA"]
[PlyCount "55"]
[EventDate "2018.09.15"]
[EventType "team-tourn"]
[EventCountry "CRO"]
[SourceTitle "playchess.com"]
[Source "ChessBase"]
[SourceQuality "1"]

{[%evp 24,55,-14,-17,-8,-14,23,16,13,22,6,27,17,0,114,100,131,134,135,137,131,-67,-13,-16,-18,-9,-7,-9,-11,-31,-18,-43,-38,-64]} 1. d4 f5 2. g3 Nf6 3. Bg2 g6 4. c4 Bg7 5. Nc3 O-O 6. Nf3 d6 7. O-O c6 8. d5 e5 9. dxe6 Bxe6 10. b3 Na6 11. Bb2 Qe7 12. Nd4 {A88: Holländische Verteidigung (Leningrader Variante)} (12. Ng5 Bd7 13. Qd2 h6 14. Nh3 Be6 15. Rad1 Rad8 16. Ba3 Nc5 17. f4 Qc7 18. Nf2 Rfe8 19. Kh1 Qb6 20. Qc2 d5 21. cxd5 cxd5 22. Nxd5 Nxd5 23. Bxc5 {0-1 (33) Gelfand,B (2751)-Kamsky,G (2762) Tashkent 2012 CBM 152 [Ftacnik,L]}) 12... Bf7 13. Qd2 {LiveBook: 7 Partien} Nc5 14. Rad1 {Die Stellung ist ausgeglichen.} Rad8 15. Bxc6 $146 ({Vorgänger:} 15. e3 Rfe8 16. Qc2 a5 17. Rfe1 Qc7 18. h3 Qb6 19. Rb1 d5 20. cxd5 Nxd5 21. Nxd5 Bxd5 {0-1 (32) Czerwonski,A (2380)-Shimanov,A (2644) Warsaw 2014}) 15... bxc6 16. Nxc6 Qb7 17. Nxd8 Rxd8 18. Nb5 Nce4 (18... Qb6 $11) 19. Qa5 $16 Rd7 20. f3 a6 21. fxe4 axb5 22. Qxb5 $2 {[#]} (22. exf5 $16 Ng4 23. Bxg7) 22... Nxe4 (22... Qxe4 $15 23. Bxf6 Rb7) 23. Bxg7 $11 Kxg7 24. Qxb7 Rxb7 25. Rd3 Kf6 26. Rc1 Ke5 {[%mdl 1024] Schwarz hat Kompensation.} 27. Rc2 Be6 28. a3 {Precision: Weiß = 33%, Schwarz = 42%.} *

[Event "27th CRO-chT 1B-Men 2018"]
[Site "Biograd"]
[Date "2018.09.15"]
[Round "1.27"]
[White "Saric, Ibro"]
[Black "Sinanovic, Muhamed"]
[Result "*"]
[WhiteElo "2546"]
[BlackElo "2339"]
[Annotator "TA"]
[PlyCount "42"]
[EventDate "2018.09.15"]
[EventType "team-tourn"]
[EventCountry "CRO"]
[SourceTitle "playchess.com"]
[Source "ChessBase"]
[SourceQuality "1"]

{[%evp 19,42,19,20,16,19,19,25,0,0,-6,29,34,27,12,52,26,37,28,31,31,56,47,55,10,56]} 1. d4 Nf6 2. c4 e6 3. Nc3 Bb4 4. Nf3 c5 5. g3 Ne4 6. Qd3 cxd4 7. Nxd4 Bxc3+ 8. bxc3 Nc5 9. Qe3 b6 {E20: Nimzo-Indian: 4 g3 and 4 f3} 10. Bg2 Bb7 {LiveBook: 51 Games} 11. O-O (11. Bxb7 Nxb7 12. Ba3 Nc6 13. Nb5 Nca5 14. Bb4 a6 15. Qd4 f6 16. Bxa5 bxa5 17. Nd6+ Nxd6 18. Qxd6 {½-½ (26) Fridman,D (2667)-Meier,G (2640) Baden-Baden 2013 CBM 153 [CB]}) 11... Bxg2 12. Kxg2 O-O 13. Qf3 $146 ({Predecessor:} 13. Rd1 Qc8 14. Nb5 Nb7 15. Ba3 Rd8 16. Rd4 f5 17. Rad1 {½-½ (24) Maes,T (2179)-Hammer,J (2287) Oslo 2006}) 13... Nba6 14. Rd1 Qc8 15. Ba3 Rb8 16. Nb5 Qb7 17. e4 f6 18. Rd4 Rfd8 19. Rad1 Nc7 20. Nd6 Qc6 21. Qh5 Rf8 {Precision: White = 45%, Black = 52%.} *